[Event "12th Capablanca Memorial"]
[Site "Cienfuegos CUB"]
[Date "1975.03.09"]
[Round "5"]
[White "Razuvaev, Yury"]
[Black "Forintos, Gyozo"]
[Result "1/2-1/2"]
[WhiteElo "2510"]
[BlackElo "2490"]
[EventDate "1975.03.05"]
[WhiteFideId "-1"]
[BlackFideId "-1"]
[PlyCount "39"]
[Beauty "6597875077128"]
[GameId "272191862984"]
[EventType "tourn"]
[EventRounds "17"]
[EventCountry "CUB"]
[EventCategory "8"]
[SourceTitle "EXT 1998"]
[Source "ChessBase"]
[SourceDate "1997.11.17"]
[SourceVersion "1"]
[SourceVersionDate "1997.11.17"]
[SourceQuality "1"]

1.e4 c5 2.Nf3 d6 3.Bb5+ Nc6 4.O-O Bg4 5.h3 Bh5 6.c3 Qa5 7.Na3 a6 8.Be2 e6 
9.b4 cxb4 10.cxb4 Nxb4 11.Rb1 b5 12.Nc2 Nc6 13.d4 Nf6 14.d5 Bxf3 15.Bxf3 
Ne5 16.Nd4 Nxf3+ 17.Qxf3 Qxa2 18.Bg5 Be7 19.dxe6 O-O 20.Rb3 1/2-1/2

[Event "12th Capablanca Memorial"]
[Site "Cienfuegos CUB"]
[Date "1975.03.09"]
[Round "5"]
[White "Sigurjonsson, Gudmundur"]
[Black "Lebredo Zarragoitia, Gerardo"]
[Result "1/2-1/2"]
[WhiteElo "2475"]
[BlackElo "2335"]
[EventDate "1975.03.05"]
[WhiteFideId "-1"]
[BlackFideId "-1"]
[PlyCount "43"]
[Beauty "6598277726215"]
[GameId "272191863031"]
[EventType "tourn"]
[EventRounds "17"]
[EventCountry "CUB"]
[EventCategory "8"]
[SourceTitle "EXT 1998"]
[Source "ChessBase"]
[SourceDate "1997.11.17"]
[SourceVersion "1"]
[SourceVersionDate "1997.11.17"]
[SourceQuality "1"]

1.e4 c5 2.Nf3 Nc6 3.d4 cxd4 4.Nxd4 Nf6 5.Nc3 d6 6.f4 Qb6 7.Nb3 g6 8.Qf3 
Nb4 9.Bd3 Nxd3+ 10.cxd3 Be6 11.Be3 Qa6 12.O-O Qxd3 13.h3 Bg7 14.Rad1 Qa6 
15.e5 Nd7 16.exd6 exd6 17.Nd4 O-O 18.Ndb5 Rac8 19.Rxd6 Rc6 20.Rxc6 bxc6 
21.Nd4 Bc4 22.Rd1 1/2-1/2

[Event "12th Capablanca Memorial"]
[Site "Cienfuegos CUB"]
[Date "1975.03.09"]
[Round "5"]
[White "Triana, Justo"]
[Black "Balashov, Yury"]
[Result "1/2-1/2"]
[WhiteElo "2310"]
[BlackElo "2540"]
[EventDate "1975.03.05"]
[WhiteFideId "-1"]
[BlackFideId "-1"]
[PlyCount "65"]
[Beauty "6529692472330"]
[GameId "272191862991"]
[EventType "tourn"]
[EventRounds "17"]
[EventCountry "CUB"]
[EventCategory "8"]
[SourceTitle "EXT 1998"]
[Source "ChessBase"]
[SourceDate "1997.11.17"]
[SourceVersion "1"]
[SourceVersionDate "1997.11.17"]
[SourceQuality "1"]

1.e4 Nf6 2.e5 Nd5 3.d4 d6 4.Nf3 Bg4 5.Be2 e6 6.h3 Bh5 7.O-O Be7 8.c4 Nb6 
9.Nc3 O-O 10.Be3 d5 11.c5 Bxf3 12.Bxf3 Nc4 13.b3 Nxe3 14.fxe3 Nc6 15.b4 
Nxb4 16.Rb1 Nc6 17.Rxb7 Na5 18.Rb4 Rb8 19.Rxb8 Qxb8 20.e4 Qb4 21.Qd3 Nc6 
22.exd5 Nxd4 23.c6 Nxf3+ 24.Rxf3 Rd8 25.Kh2 Qc5 26.Qe4 exd5 27.Qf5 d4 28.
Qxf7+ Kh8 29.Nd5 Qxd5 30.Qxe7 d3 31.Rf8+ Rxf8 32.Qxf8+ Qg8 33.Qf5 1/2-1/2

[Event "12th Capablanca Memorial"]
[Site "Cienfuegos CUB"]
[Date "1975.03.09"]
[Round "5"]
[White "Vasiukov, Evgeny"]
[Black "Diaz Diaz, Joaquin"]
[Result "1-0"]
[WhiteElo "2560"]
[BlackElo "2335"]
[EventDate "1975.03.05"]
[WhiteFideId "-1"]
[BlackFideId "-1"]
[PlyCount "65"]
[Beauty "8181510050876"]
[GameId "272191862994"]
[EventType "tourn"]
[EventRounds "17"]
[EventCountry "CUB"]
[EventCategory "8"]
[SourceTitle "EXT 1998"]
[Source "ChessBase"]
[SourceDate "1997.11.17"]
[SourceVersion "1"]
[SourceVersionDate "1997.11.17"]
[SourceQuality "1"]

1.e4 c5 2.Nf3 e6 3.c3 Nf6 4.e5 Nd5 5.d4 cxd4 6.cxd4 d6 7.a3 dxe5 8.dxe5 
Be7 9.Bd3 Nc6 10.O-O Qc7 11.Re1 Bd7 12.Nbd2 h6 13.b4 O-O 14.Bb2 Rfd8 15.
Rc1 a6 16.Bb1 Nf4 17.Qc2 Ng6 18.h4 Rac8 19.Qe4 Be8 20.h5 Nf8 21.Nc4 b5 22.
Ne3 a5 23.Ng4 Rd5 24.Nf6+ Bxf6 25.exf6 g6 26.Ne5 g5 27.Ng4 Rcd8 28.Nxh6+ 
Kh8 29.bxa5 Qa7 30.Bc3 R8d7 31.Ng4 R7d6 32.Bb4 Nxb4 33.axb4 1-0

[Event "12th Capablanca Memorial"]
[Site "Cienfuegos CUB"]
[Date "1975.03.09"]
[Round "5"]
[White "Vogt, Lothar"]
[Black "Jansa, Vlastimil"]
[Result "1/2-1/2"]
[WhiteElo "2450"]
[BlackElo "2540"]
[EventDate "1975.03.05"]
[WhiteFideId "-1"]
[BlackFideId "-1"]
[PlyCount "54"]
[Beauty "6599351468040"]
[GameId "272191863001"]
[EventType "tourn"]
[EventRounds "17"]
[EventCountry "CUB"]
[EventCategory "8"]
[SourceTitle "EXT 1998"]
[Source "ChessBase"]
[SourceDate "1997.11.17"]
[SourceVersion "1"]
[SourceVersionDate "1997.11.17"]
[SourceQuality "1"]

1.e4 c5 2.Nf3 e6 3.d4 cxd4 4.Nxd4 Nf6 5.Nc3 d6 6.Be2 a6 7.f4 Qc7 8.O-O Be7
9.Kh1 O-O 10.Qe1 Nc6 11.Be3 Nxd4 12.Bxd4 b5 13.a3 Bb7 14.Qg3 Rfd8 15.Rae1 
Rac8 16.Bd3 Ne8 17.Qh3 Bf8 18.Re3 g6 19.Ref3 Bg7 20.Bxg7 Nxg7 21.Qh6 f5 
22.Rh3 Ne8 23.Rg3 Qf7 24.Re1 Ng7 25.Qg5 Rf8 26.e5 dxe5 27.Rxe5 Rc7 1/2-1/2

[Event "12th Capablanca Memorial"]
[Site "Cienfuegos CUB"]
[Date "1975.03.11"]
[Round "6"]
[White "Andersson, Ulf"]
[Black "Razuvaev, Yury"]
[Result "1/2-1/2"]
[WhiteElo "2565"]
[BlackElo "2510"]
[EventDate "1975.03.05"]
[WhiteFideId "-1"]
[BlackFideId "-1"]
[PlyCount "21"]
[Beauty "6597069766660"]
[GameId "272191863032"]
[EventType "tourn"]
[EventRounds "17"]
[EventCountry "CUB"]
[EventCategory "8"]
[SourceTitle "EXT 1998"]
[Source "ChessBase"]
[SourceDate "1997.11.17"]
[SourceVersion "1"]
[SourceVersionDate "1997.11.17"]
[SourceQuality "1"]

1.Nf3 Nf6 2.c4 g6 3.b3 Bg7 4.Bb2 O-O 5.e3 d6 6.Be2 e5 7.O-O Nc6 8.Nc3 e4 
9.Ne1 a5 10.d3 Bf5 11.Rc1 1/2-1/2

[Event "12th Capablanca Memorial"]
[Site "Cienfuegos CUB"]
[Date "1975.03.11"]
[Round "6"]
[White "Balashov, Yury"]
[Black "Estevez Morales, Guillermo"]
[Result "1-0"]
[WhiteElo "2540"]
[BlackElo "2330"]
[EventDate "1975.03.05"]
[WhiteFideId "-1"]
[BlackFideId "-1"]
[PlyCount "65"]
[Beauty "8182071833613"]
[GameId "272191863033"]
[EventType "tourn"]
[EventRounds "17"]
[EventCountry "CUB"]
[EventCategory "8"]
[SourceTitle "EXT 1998"]
[Source "ChessBase"]
[SourceDate "1997.11.17"]
[SourceVersion "1"]
[SourceVersionDate "1997.11.17"]
[SourceQuality "1"]

1.e4 c5 2.Nf3 e6 3.d4 cxd4 4.Nxd4 Nc6 5.Nc3 d6 6.Be3 Nf6 7.Bc4 a6 8.Qe2 
Be7 9.O-O-O Qc7 10.Rhg1 Nxd4 11.Bxd4 O-O 12.Bb3 b5 13.g4 b4 14.g5 Ne8 15.
Na4 Rb8 16.f4 e5 17.Be3 exf4 18.Bxf4 Be6 19.h4 Bxb3 20.axb3 Rb5 21.Qc4 Qa5
22.Kb1 g6 23.Qc6 Nc7 24.Bxd6 Bxd6 25.Rxd6 Re5 26.h5 Re6 27.hxg6 hxg6 28.
Nc5 Rxd6 29.Qxd6 Nb5 30.Qh2 Qc7 31.e5 Rc8 32.Rh1 Kf8 33.Qh8+ 1-0

[Event "12th Capablanca Memorial"]
[Site "Cienfuegos CUB"]
[Date "1975.03.11"]
[Round "6"]
[White "Diaz Diaz, Joaquin"]
[Black "Forintos, Gyozo"]
[Result "1-0"]
[WhiteElo "2335"]
[BlackElo "2490"]
[EventDate "1975.03.05"]
[WhiteFideId "-1"]
[BlackFideId "-1"]
[PlyCount "89"]
[Beauty "7354636569641"]
[GameId "272191862965"]
[EventType "tourn"]
[EventRounds "17"]
[EventCountry "CUB"]
[EventCategory "8"]
[SourceTitle "EXT 1998"]
[Source "ChessBase"]
[SourceDate "1997.11.17"]
[SourceVersion "1"]
[SourceVersionDate "1997.11.17"]
[SourceQuality "1"]

1.e4 g6 2.Nf3 Bg7 3.d4 c5 4.Nc3 cxd4 5.Nxd4 Nc6 6.Be3 Nf6 7.Bc4 O-O 8.Bb3 
d6 9.f3 Bd7 10.h4 Qa5 11.Qd2 Rfc8 12.O-O-O Ne5 13.g4 Nc4 14.Bxc4 Rxc4 15.
Nb3 Qa6 16.e5 Ne8 17.h5 Rxc3 18.bxc3 Bxe5 19.Bd4 Bxd4 20.Nxd4 Nf6 21.hxg6 
fxg6 22.Qh6 d5 23.Rde1 Rf8 24.g5 Nh5 25.Rxh5 gxh5 26.Ne6 Bxe6 27.g6 Rf7 
28.gxf7+ Kxf7 29.Qxh5+ Kf8 30.Qh6+ Kf7 31.Qxh7+ Ke8 32.f4 Qd6 33.Re5 Kd7 
34.Qd3 a6 35.Qd4 Bf7 36.Qb4 b6 37.Qa4+ b5 38.Qd4 Qc7 39.Qe3 Kd8 40.Rf5 e6 
41.Re5 Qc4 42.f5 d4 43.Qxd4+ Qxd4 44.cxd4 exf5 45.a3 1-0

[Event "12th Capablanca Memorial"]
[Site "Cienfuegos CUB"]
[Date "1975.03.11"]
[Round "6"]
[White "Ermenkov, Evgeny"]
[Black "Garcia Gonzales, Guillermo"]
[Result "1-0"]
[WhiteElo "2450"]
[BlackElo "2485"]
[EventDate "1975.03.05"]
[WhiteFideId "-1"]
[BlackFideId "-1"]
[PlyCount "117"]
[Beauty "6460704556553"]
[GameId "272191862967"]
[EventType "tourn"]
[EventRounds "17"]
[EventCountry "CUB"]
[EventCategory "8"]
[SourceTitle "EXT 1998"]
[Source "ChessBase"]
[SourceDate "1997.11.17"]
[SourceVersion "1"]
[SourceVersionDate "1997.11.17"]
[SourceQuality "1"]

1.e4 e5 2.Nf3 Nc6 3.Bb5 Nge7 4.O-O Ng6 5.c3 d6 6.d4 Bd7 7.Be3 Be7 8.dxe5 
dxe5 9.c4 Nb8 10.Bxd7+ Nxd7 11.Nc3 c6 12.Rb1 a5 13.Na4 O-O 14.c5 Qc7 15.
Nd2 Nf4 16.a3 Rfd8 17.Qc2 Ne2+ 18.Kh1 Nd4 19.Qc3 b5 20.cxb6 Nxb6 21.Nxb6 
Qxb6 22.Nc4 Qc7 23.b3 f6 24.Rfd1 Bc5 25.a4 Bb4 26.Qb2 Rd7 27.f4 Rad8 28.
fxe5 fxe5 29.Rf1 Rf8 30.Rxf8+ Bxf8 31.Qf2 Bb4 32.Qg3 Re7 33.Rf1 Rf7 34.Rd1
Ne2 35.Qxe5 Nc3 36.Qxc7 Rxc7 37.Rd8+ Kf7 38.e5 Nd5 39.g3 Nxe3 40.Nxe3 Bc3 
41.Nc4 Re7 42.Rd3 Bb4 43.Kg2 Ke6 44.Rd8 Rf7 45.Rc8 Kd5 46.Ra8 h5 47.Rh8 g6
48.Rg8 Kd4 49.Rxg6 Rc7 50.Rf6 Kc3 51.Rf3+ Kc2 52.e6 Re7 53.Re3 Bc5 54.Re2+
Kd3 55.Kf3 Re8 56.e7 Bxe7 57.Ne5+ Kc3 58.Re3+ Kc2 59.Ng6 1-0

[Event "12th Capablanca Memorial"]
[Site "Cienfuegos CUB"]
[Date "1975.03.11"]
[Round "6"]
[White "Jansa, Vlastimil"]
[Black "Sigurjonsson, Gudmundur"]
[Result "1/2-1/2"]
[WhiteElo "2540"]
[BlackElo "2475"]
[EventDate "1975.03.05"]
[WhiteFideId "-1"]
[BlackFideId "-1"]
[PlyCount "35"]
[Beauty "6597069766660"]
[GameId "272191862981"]
[EventType "tourn"]
[EventRounds "17"]
[EventCountry "CUB"]
[EventCategory "8"]
[SourceTitle "EXT 1998"]
[Source "ChessBase"]
[SourceDate "1997.11.17"]
[SourceVersion "1"]
[SourceVersionDate "1997.11.17"]
[SourceQuality "1"]

1.e4 c5 2.Nf3 e6 3.d4 cxd4 4.Nxd4 a6 5.Bd3 Nf6 6.O-O Qc7 7.Qe2 d6 8.b3 g6 
9.c4 Bg7 10.Bb2 O-O 11.Nc3 b6 12.Rac1 Bb7 13.f4 Nbd7 14.b4 Rfe8 15.Nb3 
Rac8 16.Kh1 Qb8 17.Ba1 Nh5 18.Nd2 1/2-1/2

[Event "12th Capablanca Memorial"]
[Site "Cienfuegos CUB"]
[Date "1975.03.11"]
[Round "6"]
[White "Lebredo Zarragoitia, Gerardo"]
[Black "Triana, Justo"]
[Result "1-0"]
[WhiteElo "2335"]
[BlackElo "2310"]
[EventDate "1975.03.05"]
[WhiteFideId "-1"]
[BlackFideId "-1"]
[PlyCount "67"]
[Beauty "8114266971716"]
[GameId "272191863034"]
[EventType "tourn"]
[EventRounds "17"]
[EventCountry "CUB"]
[EventCategory "8"]
[SourceTitle "EXT 1998"]
[Source "ChessBase"]
[SourceDate "1997.11.17"]
[SourceVersion "1"]
[SourceVersionDate "1997.11.17"]
[SourceQuality "1"]

1.Nf3 Nf6 2.c4 c5 3.b3 g6 4.Bb2 Bg7 5.g3 O-O 6.Bg2 Nc6 7.O-O d6 8.d4 cxd4 
9.Nxd4 Bd7 10.Nc3 Rb8 11.e3 a6 12.Rc1 Nxd4 13.Qxd4 b5 14.cxb5 Ng4 15.Qd2 
axb5 16.Nd5 Bxb2 17.Qxb2 Ne5 18.Qd4 Bh3 19.Qh4 Bxg2 20.Nxe7+ Kg7 21.Kxg2 
Ra8 22.Rc2 Qd7 23.Re2 Qe6 24.Rd1 f6 25.Nd5 Ng4 26.h3 h5 27.hxg4 hxg4 28.f3
gxf3+ 29.Kxf3 Rae8 30.Rh1 Qf5+ 31.Qf4 Qc8 32.Qh6+ Kf7 33.Qh7+ Ke6 34.Nf4+ 
1-0

[Event "12th Capablanca Memorial"]
[Site "Cienfuegos CUB"]
[Date "1975.03.11"]
[Round "6"]
[White "Pesantes Carbajal, Carlos"]
[Black "Hernandez, Jose de Jesus"]
[Result "0-1"]
[WhiteElo "2330"]
[BlackElo "2310"]
[EventDate "1975.03.05"]
[WhiteFideId "-1"]
[BlackFideId "-1"]
[PlyCount "70"]
[Beauty "7975083182626"]
[GameId "272191863035"]
[EventType "tourn"]
[EventRounds "17"]
[EventCountry "CUB"]
[EventCategory "8"]
[SourceTitle "EXT 1998"]
[Source "ChessBase"]
[SourceDate "1997.11.17"]
[SourceVersion "1"]
[SourceVersionDate "1997.11.17"]
[SourceQuality "1"]

1.d4 Nf6 2.c4 e6 3.Nf3 b6 4.e3 Bb7 5.Bd3 Be7 6.Nc3 c5 7.O-O O-O 8.d5 exd5 
9.cxd5 d6 10.e4 Ba6 11.a4 Bxd3 12.Qxd3 Nbd7 13.Nd2 Nh5 14.Nc4 Ne5 15.Nxe5 
dxe5 16.g3 Qd7 17.f4 exf4 18.Qf3 g6 19.gxf4 c4 20.Kh1 Rad8 21.Be3 Bb4 22.
Bd4 f5 23.Rad1 Bxc3 24.Bxc3 fxe4 25.Qxe4 Qg4 26.Be5 Rf5 27.Rd2 Re8 28.Rg2 
Qh3 29.Qxc4 Rexe5 30.d6+ Kg7 31.Qd4 Kh6 32.Rfg1 Nxf4 33.d7 Nxg2 34.Qd2+ 
Ne3 35.d8=Q Qf3+ 0-1

[Event "12th Capablanca Memorial"]
[Site "Cienfuegos CUB"]
[Date "1975.03.11"]
[Round "6"]
[White "Sydor, Andrzej"]
[Black "Garcia Martinez, Silvino"]
[Result "1/2-1/2"]
[WhiteElo "2395"]
[BlackElo "2445"]
[EventDate "1975.03.05"]
[WhiteFideId "-1"]
[BlackFideId "-1"]
[PlyCount "21"]
[Beauty "6597338205189"]
[GameId "272191863036"]
[EventType "tourn"]
[EventRounds "17"]
[EventCountry "CUB"]
[EventCategory "8"]
[SourceTitle "EXT 1998"]
[Source "ChessBase"]
[SourceDate "1997.11.17"]
[SourceVersion "1"]
[SourceVersionDate "1997.11.17"]
[SourceQuality "1"]

1.Nf3 g6 2.d4 Nf6 3.Bf4 Bg7 4.Nbd2 O-O 5.h3 c5 6.e3 b6 7.Bd3 Ba6 8.Bxa6 
Nxa6 9.O-O Nb4 10.c3 Nc6 11.Qe2 1/2-1/2

[Event "12th Capablanca Memorial"]
[Site "Cienfuegos CUB"]
[Date "1975.03.11"]
[Round "6"]
[White "Vasiukov, Evgeny"]
[Black "Vogt, Lothar"]
[Result "1-0"]
[WhiteElo "2560"]
[BlackElo "2450"]
[EventDate "1975.03.05"]
[WhiteFideId "-1"]
[BlackFideId "-1"]
[PlyCount "61"]
[Beauty "8249155786274"]
[GameId "272191862999"]
[EventType "tourn"]
[EventRounds "17"]
[EventCountry "CUB"]
[EventCategory "8"]
[SourceTitle "EXT 1998"]
[Source "ChessBase"]
[SourceDate "1997.11.17"]
[SourceVersion "1"]
[SourceVersionDate "1997.11.17"]
[SourceQuality "1"]

1.e4 e5 2.Nf3 Nc6 3.Bb5 a6 4.Ba4 Nf6 5.O-O Be7 6.Re1 b5 7.Bb3 d6 8.c3 O-O 
9.d4 Bg4 10.d5 Na5 11.Bc2 c6 12.h3 Bxf3 13.Qxf3 cxd5 14.exd5 Rc8 15.b3 g6 
16.Bh6 Re8 17.Nd2 Qc7 18.Re3 Nh5 19.g4 Ng7 20.h4 Rf8 21.h5 b4 22.c4 Nb7 
23.Qh3 Nc5 24.Kg2 g5 25.Qf3 f6 26.Bxg7 Kxg7 27.Qf5 Rh8 28.a3 a5 29.axb4 
axb4 30.h6+ Kf7 31.Ne4 1-0

[Event "12th Capablanca Memorial"]
[Site "Cienfuegos CUB"]
[Date "1975.03.12"]
[Round "7"]
[White "Estevez Morales, Guillermo"]
[Black "Lebredo Zarragoitia, Gerardo"]
[Result "0-1"]
[WhiteElo "2330"]
[BlackElo "2335"]
[EventDate "1975.03.05"]
[WhiteFideId "-1"]
[BlackFideId "-1"]
[PlyCount "80"]
[Beauty "7633230649375"]
[GameId "272191863037"]
[EventType "tourn"]
[EventRounds "17"]
[EventCountry "CUB"]
[EventCategory "8"]
[SourceTitle "EXT 1998"]
[Source "ChessBase"]
[SourceDate "1997.11.17"]
[SourceVersion "1"]
[SourceVersionDate "1997.11.17"]
[SourceQuality "1"]

1.d4 Nf6 2.c4 d6 3.Nc3 Nbd7 4.Nf3 c6 5.e4 e5 6.Be2 Be7 7.O-O O-O 8.Re1 a6 
9.Bf1 b5 10.d5 cxd5 11.cxd5 Nb6 12.a4 b4 13.Nb1 Nbd7 14.Nbd2 Nc5 15.h3 Bd7
16.b3 a5 17.Bb2 Ne8 18.Bc4 Rc8 19.Qe2 g6 20.Kh2 Rc7 21.Rf1 Qc8 22.Rac1 Bf6
23.Ne1 Bg5 24.f4 Bxf4+ 25.Rxf4 exf4 26.e5 Qd8 27.exd6 Rc8 28.Qe5 f6 29.
Qxf4 Qb6 30.Qd4 Qxd6+ 31.Kg1 Ng7 32.Nef3 Nf5 33.Qf2 Rfe8 34.Nf1 Ne4 35.Qa7
Ra8 36.Qb7 Reb8 37.Qc7 Qxc7 38.d6+ Qxc4 39.Rxc4 Nexd6 40.Rc7 Rb7 0-1

[Event "12th Capablanca Memorial"]
[Site "Cienfuegos CUB"]
[Date "1975.03.12"]
[Round "7"]
[White "Forintos, Gyozo"]
[Black "Andersson, Ulf"]
[Result "1/2-1/2"]
[WhiteElo "2490"]
[BlackElo "2565"]
[EventDate "1975.03.05"]
[WhiteFideId "-1"]
[BlackFideId "-1"]
[PlyCount "43"]
[Beauty "6599888338950"]
[GameId "272191862971"]
[EventType "tourn"]
[EventRounds "17"]
[EventCountry "CUB"]
[EventCategory "8"]
[SourceTitle "EXT 1998"]
[Source "ChessBase"]
[SourceDate "1997.11.17"]
[SourceVersion "1"]
[SourceVersionDate "1997.11.17"]
[SourceQuality "1"]

1.d4 Nf6 2.c4 e6 3.Nc3 Bb4 4.Qc2 c5 5.dxc5 Bxc5 6.Nf3 Nc6 7.Bf4 O-O 8.e3 
a6 9.Rd1 b6 10.Be2 Bb7 11.O-O Rc8 12.Na4 Be7 13.Bd6 Bxd6 14.Rxd6 Ne8 15.
Rd2 Na5 16.Qd1 Bxf3 17.Bxf3 Nf6 18.b3 b5 19.cxb5 axb5 20.Nb2 Qb6 21.Rd6 
Qa7 22.Qd3 1/2-1/2

[Event "12th Capablanca Memorial"]
[Site "Cienfuegos CUB"]
[Date "1975.03.12"]
[Round "7"]
[White "Garcia Gonzales, Guillermo"]
[Black "Balashov, Yury"]
[Result "0-1"]
[WhiteElo "2485"]
[BlackElo "2540"]
[EventDate "1975.03.05"]
[WhiteFideId "-1"]
[BlackFideId "-1"]
[PlyCount "70"]
[Beauty "7976828013604"]
[GameId "272191863038"]
[EventType "tourn"]
[EventRounds "17"]
[EventCountry "CUB"]
[EventCategory "8"]
[SourceTitle "EXT 1998"]
[Source "ChessBase"]
[SourceDate "1997.11.17"]
[SourceVersion "1"]
[SourceVersionDate "1997.11.17"]
[SourceQuality "1"]

1.d4 Nf6 2.c4 e6 3.Nc3 Bb4 4.e3 c5 5.Ne2 cxd4 6.exd4 d5 7.c5 Ne4 8.Bd2 
Nxd2 9.Qxd2 a5 10.a3 Bxc3 11.Nxc3 a4 12.Be2 O-O 13.O-O b6 14.Na2 bxc5 15.
dxc5 Qa5 16.Nb4 Qxc5 17.Rac1 Qb6 18.Rc3 Bb7 19.Rg3 Nd7 20.Rd1 Qd6 21.Bb5 
Ne5 22.Re1 Ng6 23.Qd1 d4 24.Bxa4 e5 25.Bb3 Kh8 26.Qh5 f5 27.Nd3 Rac8 28.
Rg5 Nf4 29.Nxf4 exf4 30.Rxf5 Qc6 31.Rxf8+ Rxf8 32.f3 d3 33.Qa5 d2 34.Rd1 
Ra8 35.Rxd2 Qe8 0-1

[Event "12th Capablanca Memorial"]
[Site "Cienfuegos CUB"]
[Date "1975.03.12"]
[Round "7"]
[White "Garcia Martinez, Silvino"]
[Black "Ermenkov, Evgeny"]
[Result "1/2-1/2"]
[WhiteElo "2445"]
[BlackElo "2450"]
[EventDate "1975.03.05"]
[WhiteFideId "-1"]
[BlackFideId "-1"]
[PlyCount "66"]
[Beauty "6533719019565"]
[GameId "272191863039"]
[EventType "tourn"]
[EventRounds "17"]
[EventCountry "CUB"]
[EventCategory "8"]
[SourceTitle "EXT 1998"]
[Source "ChessBase"]
[SourceDate "1997.11.17"]
[SourceVersion "1"]
[SourceVersionDate "1997.11.17"]
[SourceQuality "1"]

1.e4 c5 2.Nf3 Nc6 3.d4 cxd4 4.Nxd4 e6 5.Nc3 d6 6.Be2 Nf6 7.O-O Be7 8.Be3 
O-O 9.f4 a6 10.Qe1 Qc7 11.Qg3 Bd7 12.Kh1 Nxd4 13.Bxd4 Bc6 14.Bd3 Nh5 15.
Qh3 Nxf4 16.Rxf4 e5 17.Nd5 Bxd5 18.exd5 g6 19.Bc3 exf4 20.Qh6 f6 21.Bxg6 
Bd8 22.Bf5 Qg7 23.Qxf4 Kh8 24.Be6 b5 25.Rf1 Ra7 26.Rf3 Rc7 27.Qxd6 Rc4 28.
Kg1 Be7 29.Qxa6 Bc5+ 30.Kh1 Qg5 31.Rf1 Rh4 32.Qxb5 Bd6 33.Bh3 Rf4 1/2-1/2

[Event "12th Capablanca Memorial"]
[Site "Cienfuegos CUB"]
[Date "1975.03.12"]
[Round "7"]
[White "Hernandez, Jose de Jesus"]
[Black "Sydor, Andrzej"]
[Result "0-1"]
[WhiteElo "2310"]
[BlackElo "2395"]
[EventDate "1975.03.05"]
[WhiteFideId "-1"]
[BlackFideId "-1"]
[PlyCount "122"]
[Beauty "6327560577062"]
[GameId "272191863040"]
[EventType "tourn"]
[EventRounds "17"]
[EventCountry "CUB"]
[EventCategory "8"]
[SourceTitle "EXT 1998"]
[Source "ChessBase"]
[SourceDate "1997.11.17"]
[SourceVersion "1"]
[SourceVersionDate "1997.11.17"]
[SourceQuality "1"]

1.d4 Nf6 2.c4 e6 3.Nf3 d5 4.Nc3 c6 5.cxd5 exd5 6.Bg5 Be7 7.e3 Bf5 8.Bd3 
Bxd3 9.Qxd3 O-O 10.O-O Nbd7 11.Rac1 Re8 12.Nd2 h6 13.Bh4 Ne4 14.Bxe7 Qxe7 
15.Rce1 f5 16.f3 Nxd2 17.Qxd2 Nf6 18.Qd3 Qd7 19.Ne2 Nh5 20.Nf4 Qf7 21.Qc2 
Rad8 22.Nd3 f4 23.Ne5 Qe6 24.exf4 Nxf4 25.g3 Nh3+ 26.Kg2 Ng5 27.f4 Ne4 28.
f5 Qf6 29.Rf4 c5 30.Ng4 Qxd4 31.Rd1 Qb4 32.f6 Rf8 33.Qe2 Qb6 34.Nxh6+ gxh6
35.Rxe4 Rxf6 36.Re7 d4 37.Rf1 Rdf8 38.Qc4+ Kh8 39.Qd3 Qc6+ 40.Kh3 R8f7 41.
Rfe1 Qf3 42.Qxf3 Rxf3 43.Rxf7 Rxf7 44.Re5 b6 45.Kg2 Kg7 46.Re6 c4 47.Re4 
Rd7 48.Kf2 Kf6 49.Rf4+ Ke5 50.Ke1 Rd6 51.Kd2 Rf6 52.Rh4 Rf2+ 53.Kc1 b5 54.
Rxh6 b4 55.g4 c3 56.bxc3 bxc3 57.Rc6 Rxh2 58.a4 Ke4 59.g5 Kd3 60.Kb1 Rh1+ 
61.Ka2 c2 0-1

[Event "12th Capablanca Memorial"]
[Site "Cienfuegos CUB"]
[Date "1975.03.12"]
[Round "7"]
[White "Razuvaev, Yury"]
[Black "Pesantes Carbajal, Carlos"]
[Result "1-0"]
[WhiteElo "2510"]
[BlackElo "2330"]
[EventDate "1975.03.05"]
[WhiteFideId "-1"]
[BlackFideId "-1"]
[PlyCount "53"]
[Beauty "8251437489162"]
[GameId "272191863041"]
[EventType "tourn"]
[EventRounds "17"]
[EventCountry "CUB"]
[EventCategory "8"]
[SourceTitle "EXT 1998"]
[Source "ChessBase"]
[SourceDate "1997.11.17"]
[SourceVersion "1"]
[SourceVersionDate "1997.11.17"]
[SourceQuality "1"]

1.d4 Nf6 2.Nf3 e6 3.c4 d5 4.Nc3 Nbd7 5.cxd5 exd5 6.Bg5 Be7 7.e3 c6 8.Bd3 
Ne4 9.Bf4 Bb4 10.Qc2 Ndf6 11.O-O Bxc3 12.bxc3 O-O 13.Ne5 h6 14.c4 Qa5 15.
cxd5 cxd5 16.f3 Ng5 17.Rab1 Ne6 18.Bg3 a6 19.Rfc1 Qd8 20.Bh4 g5 21.Bg3 Kg7
22.Be1 Rh8 23.Bg6 Nf8 24.Nxf7 Qe7 25.Nxh8 Kxh8 26.Bd3 Qxe3+ 27.Bf2 1-0

[Event "12th Capablanca Memorial"]
[Site "Cienfuegos CUB"]
[Date "1975.03.12"]
[Round "7"]
[White "Sigurjonsson, Gudmundur"]
[Black "Vasiukov, Evgeny"]
[Result "1/2-1/2"]
[WhiteElo "2475"]
[BlackElo "2560"]
[EventDate "1975.03.05"]
[WhiteFideId "-1"]
[BlackFideId "-1"]
[PlyCount "38"]
[Beauty "6600022556679"]
[GameId "272191863042"]
[EventType "tourn"]
[EventRounds "17"]
[EventCountry "CUB"]
[EventCategory "8"]
[SourceTitle "EXT 1998"]
[Source "ChessBase"]
[SourceDate "1997.11.17"]
[SourceVersion "1"]
[SourceVersionDate "1997.11.17"]
[SourceQuality "1"]

1.e4 c5 2.Nf3 Nc6 3.Bb5 Na5 4.Be2 e6 5.O-O d6 6.d4 cxd4 7.Nxd4 Nf6 8.Nc3 
a6 9.Bg5 Be7 10.Qd3 h6 11.Bh4 Nc6 12.f4 Bd7 13.Kh1 Nxd4 14.Qxd4 Bc6 15.
Rad1 O-O 16.Rf3 Ne8 17.Bxe7 Qxe7 18.Rfd3 Rc8 19.Bf3 e5 1/2-1/2